00850nam a2200193 i 450000100060000000300090000600500170001500700030003200800410003510000330007624502160010926000780032530000210040361000300042471000410045485200220049599900170051795201220053420176ES-MaACL20230906152241.0t|021107s1973 sp ||||1| spa d1 aAguinaga, Enrique de.91880010aInforme sobre la Falange de José Antonio : bconferencia pronunciada el 29 de octubre en... la Jefatura Provincial, con motivo del XXIX aniversario de la fundación de Falange Española / cEnrique Aguinaga. aLa Coruña : bJefatura Provincial del Movimiento, c[1973] (fGrafinsa) a58 p. ; c21 cm.24aFalange Española.940832 aMovimiento Nacional (España)95776 aES-MaACLjC-53998 c20176d20176 00104070aATENEOMbATENEOMcDEPO2d2008-01-17eSCl0oC-53998p1020679r2023-02-23 00:00:00w2023-02-23yMONOGRAFIA